[Event "Titled Tuesday intern op 06th May Early"]
[Site "Chess.com INT"]
[Date "2025.05.06"]
[Round "8"]
[White "Bozorov, Javokhir"]
[Black "Luukkonen, Tommi"]
[Result "0-1"]
[WhiteElo "2093"]
[BlackElo "2250"]
[PlyCount "34"]
[EventDate "2025.05.06"]
[EventType "swiss (blitz)"]
[EventRounds "11"]
[EventCountry "USA"]
[SourceTitle "CB20_2025"]
[SourceDate "2025.05.14"]
[SourceVersion "1"]
[SourceVersionDate "2025.05.14"]
[SourceQuality "1"]

1. d4 Nf6 2. Nf3 e6 3. Bf4 c5 4. e3 d5 5. c3 Nc6 6. Nbd2 cxd4 7. exd4 Nh5 8. Bg3 Bd6 9. Bxd6 Qxd6 10. Bd3 Nf4 11. Bc2 Nxg2+ 12. Kf1 Nf4 13. Rg1 g6 14. Qe1 e5 15. dxe5 Bh3+ 16. Rg2 Bxg2+ 17. Kg1 Qe6 0-1

[Event "Titled Tuesday intern op 06th May Early"]
[Site "Chess.com INT"]
[Date "2025.05.06"]
[Round "1"]
[White "Cumpe, Lucas"]
[Black "Luukkonen, Tommi"]
[Result "1-0"]
[WhiteElo "2294"]
[BlackElo "2250"]
[PlyCount "67"]
[EventDate "2025.05.06"]
[EventType "swiss (blitz)"]
[EventRounds "11"]
[EventCountry "USA"]
[SourceTitle "CB20_2025"]
[SourceDate "2025.05.14"]
[SourceVersion "1"]
[SourceVersionDate "2025.05.14"]
[SourceQuality "1"]

1. e4 c5 2. Nf3 Nc6 3. d4 cxd4 4. Nxd4 e6 5. c4 Nf6 6. Nc3 Qc7 7. Be2 a6 8. 0-0 Nxd4 9. Qxd4 Bc5 10. Qd3 h5 11. h3 d6 12. Bf4 Nd7 13. Rfd1 Ne5 14. Qg3 g6 15. Rac1 h4 16. Qg5 Qe7 17. Qxe7+ Kxe7 18. Na4 f6 19. Nxc5 dxc5 20. Be3 b6 21. b4 cxb4 22. Bxb6 Nd7 23. Ba5 Rb8 24. Bc7 Rb7 25. Bd6+ Kf7 26. c5 Ne5 27. c6 Ra7 28. f4 Nxc6 29. Rxc6 Bd7 30. Rxa6 Rxa6 31. Bxa6 Ra8 32. Bc4 Rc8 33. Bb3 Ke8 34. Bxb4 1-0

[Event "Titled Tuesday intern op 06th May Early"]
[Site "Chess.com INT"]
[Date "2025.05.06"]
[Round "2"]
[White "Luukkonen, Tommi"]
[Black "Ivannikov, Maksim"]
[Result "1-0"]
[WhiteElo "2250"]
[BlackElo "2184"]
[PlyCount "119"]
[EventDate "2025.05.06"]
[EventType "swiss (blitz)"]
[EventRounds "11"]
[EventCountry "USA"]
[SourceTitle "CB20_2025"]
[SourceDate "2025.05.14"]
[SourceVersion "1"]
[SourceVersionDate "2025.05.14"]
[SourceQuality "1"]

1. d4 c5 2. d5 e6 3. Nc3 Nf6 4. e4 exd5 5. exd5 d6 6. Bb5+ Bd7 7. a4 Be7 8. Nf3 a6 9. Be2 0-0 10. h3 Bf5 11. 0-0 Nbd7 12. Nd2 Rb8 13. Nc4 b5 14. axb5 axb5 15. Na5 b4 16. Nc6 Qe8 17. Nxb8 Qxb8 18. Nb5 Be4 19. Bc4 Ne5 20. b3 Qc8 21. Re1 Qf5 22. f4 Ng6 23. g4 Qd7 24. g5 Qxh3 25. Qe2 Qh1+ 26. Kf2 Qg2+ 27. Ke3 Qg3+ 28. Kd2 Bf3 29. gxf6 Bxf6 30. Qe3 Bxa1 31. Rg1 Qh2+ 32. Ke1 Qxc2 33. Bd2 Qe4 34. Nxd6 Qxe3+ 35. Bxe3 Bd4 36. Bxd4 cxd4 37. Nf5 Re8+ 38. Kf2 Be4 39. Nd6 Re7 40. Ra1 h6 41. Kg3 Kh7 42. f5 Nf8 43. Kf4 Bc2 44. f6 gxf6 45. Rg1 Ng6+ 46. Kf3 d3 47. Nf5 Ne5+ 48. Kf4 Ng6+ 49. Rxg6 fxg6 50. Nxe7 d2 51. Be2 d1Q 52. Bxd1 Bxd1 53. d6 g5+ 54. Kg3 Bxb3 55. d7 Bf7 56. d8Q b3 57. Qf8 Be6 58. Qxf6 Bd7 59. Qg6+ Kh8 60. Qg8# 1-0

[Event "Titled Tuesday intern op 06th May Early"]
[Site "Chess.com INT"]
[Date "2025.05.06"]
[Round "9"]
[White "Luukkonen, Tommi"]
[Black "Piddubna, Bozhena"]
[Result "1-0"]
[WhiteElo "2250"]
[BlackElo "2174"]
[PlyCount "97"]
[EventDate "2025.05.06"]
[EventType "swiss (blitz)"]
[EventRounds "11"]
[EventCountry "USA"]
[SourceTitle "CB20_2025"]
[SourceDate "2025.05.14"]
[SourceVersion "1"]
[SourceVersionDate "2025.05.14"]
[SourceQuality "1"]

1. d4 Nf6 2. c4 e6 3. Nf3 b6 4. g3 Bb7 5. Bg2 Be7 6. 0-0 0-0 7. Re1 d5 8. cxd5 exd5 9. Nc3 Nbd7 10. Bf4 c5 11. Nb5 a6 12. Nd6 Bxd6 13. Bxd6 Re8 14. e3 Ne4 15. Bf4 c4 16. h4 h6 17. h5 Ndf6 18. Ne5 Bc8 19. f3 Nd6 20. g4 Nh7 21. Bg3 Ng5 22. b3 b5 23. bxc4 bxc4 24. Rb1 Be6 25. e4 Nb5 26. Qd2 dxe4 27. f4 Nf3+ 28. Bxf3 exf3 29. f5 Bd5 30. a4 Nd6 31. Qf4 c3 32. Rb6 Nc8 33. Rxh6 gxh6 34. f6 Re6 35. g5 Nd6 36. Qg4 Kh8 37. Bh4 f2+ 38. Kxf2 Qg8 39. g6 Ne4+ 40. Rxe4 fxg6 41. f7 Qg7 42. Nxg6+ Kh7 43. Rxe6 Bxe6 44. Qxe6 Qxd4+ 45. Kg2 Qd2+ 46. Bf2 Qg5+ 47. Bg3 Qd2+ 48. Kh3 c2 49. f8Q 1-0

[Event "Titled Tuesday intern op 06th May Early"]
[Site "Chess.com INT"]
[Date "2025.05.06"]
[Round "7"]
[White "Sheremetev, Vladislav"]
[Black "Luukkonen, Tommi"]
[Result "1-0"]
[WhiteElo "2160"]
[BlackElo "2250"]
[PlyCount "63"]
[EventDate "2025.05.06"]
[EventType "swiss (blitz)"]
[EventRounds "11"]
[EventCountry "USA"]
[SourceTitle "CB20_2025"]
[SourceDate "2025.05.14"]
[SourceVersion "1"]
[SourceVersionDate "2025.05.14"]
[SourceQuality "1"]

1. e4 e6 2. d4 d5 3. Nc3 Bb4 4. a3 Bxc3+ 5. bxc3 dxe4 6. f3 e3 7. Bxe3 Nf6 8. Bd3 c5 9. Ne2 0-0 10. 0-0 Nc6 11. Qd2 e5 12. dxc5 Nd5 13. Be4 Nxe3 14. Qxe3 Qe7 15. Rfd1 Na5 16. Bd5 Qc7 17. Ng3 Kh8 18. Ne4 Bf5 19. Nd6 Bxc2 20. Re1 f6 21. f4 Bb3 22. c4 exf4 23. Qd4 b6 24. Bxa8 Rxa8 25. Qd5 Qxc5+ 26. Qxc5 bxc5 27. Re7 Nxc4 28. Nxc4 Bxc4 29. Rc1 Bg8 30. Rxc5 Rd8 31. Rxa7 Rd2 32. Ra8 1-0

[Event "FIN-ch"]
[Site "Helsinki"]
[Date "2025.04.25"]
[Round "8"]
[White "Keinanen, Toivo"]
[Black "Luukkonen, Tommi"]
[Result "1-0"]
[WhiteElo "2531"]
[BlackElo "2237"]
[PlyCount "77"]
[EventDate "2025.04.18"]
[EventType "tourn"]
[EventRounds "9"]
[EventCountry "FIN"]
[EventCategory "3"]
[SourceTitle "CB18_2025"]
[SourceDate "2025.04.30"]
[SourceVersion "1"]
[SourceVersionDate "2025.04.30"]
[SourceQuality "1"]

1. d4 Nf6 2. Nf3 e6 3. g3 c5 4. Bg2 cxd4 5. 0-0 d5 6. Nxd4 e5 7. Nb3 a5 8. a4 Be6 9. Nc3 Nc6 10. Bg5 Nb4 11. Nb5 Rc8 12. c3 Nc6 13. e4 dxe4 14. Nd2 e3 15. fxe3 Be7 16. Bxf6 gxf6 17. Ne4 0-0 18. Nbd6 Bxd6 19. Nxd6 Rc7 20. Be4 Ne7 21. Qh5 Ng6 22. Nf5 Bxf5 23. Rxf5 Rc4 24. Qf3 Qe7 25. Rf1 Rxa4 26. h4 Qe6 27. Rxf6 Qe7 28. Qf5 Qc5 29. Qf3 Qe7 30. Bd5 Nf4 31. Rxf7 Rxf7 32. exf4 e4 33. Qh5 Kf8 34. Bxf7 Qxf7 35. Qc5+ Qe7 36. Qc8+ Qe8 37. Qxb7 e3 38. Qxh7 Qe6 39. Rd1 1-0

[Event "FIN-ch"]
[Site "Helsinki"]
[Date "2025.04.19"]
[Round "2"]
[White "Wartiovaara, Oliver"]
[Black "Luukkonen, Tommi"]
[Result "1-0"]
[WhiteElo "2359"]
[BlackElo "2237"]
[PlyCount "73"]
[EventDate "2025.04.18"]
[EventType "tourn"]
[EventRounds "9"]
[EventCountry "FIN"]
[EventCategory "3"]
[SourceTitle "CB18_2025"]
[SourceDate "2025.04.30"]
[SourceVersion "1"]
[SourceVersionDate "2025.04.30"]
[SourceQuality "1"]

1. e4 e6 2. d4 d5 3. e5 c5 4. c3 Nc6 5. Nf3 Bd7 6. Be2 f6 7. 0-0 fxe5 8. Nxe5 Nxe5 9. dxe5 Qc7 10. Re1 0-0-0 11. Nd2 Qxe5 12. Nf3 Qc7 13. Ng5 Nh6 14. Bh5 g6 15. Nxe6 Bxe6 16. Rxe6 Nf5 17. Bg5 Be7 18. Bxe7 Nxe7 19. Bf3 Kb8 20. b4 cxb4 21. cxb4 Nf5 22. b5 Qd7 23. Re5 Qg7 24. Qe1 Nd4 25. Bd1 Rhf8 26. Rb1 Qf6 27. Rb4 Nf5 28. g3 h5 29. b6 axb6 30. Re6 Qa1 31. Rexb6 Rd7 32. Rb2 Re7 33. Qd2 d4 34. Kg2 h4 35. Rc6 Re1 36. Rc1 Ne3+ 37. fxe3 1-0

[Event "Titled Tuesday intern op 01st Apr Early"]
[Site "Chess.com INT"]
[Date "2025.04.01"]
[Round "2"]
[White "Luukkonen, Tommi"]
[Black "Tekeyev, Zaur"]
[Result "0-1"]
[WhiteElo "2247"]
[BlackElo "2412"]
[PlyCount "72"]
[EventDate "2025.04.01"]
[EventType "swiss (blitz)"]
[EventRounds "11"]
[EventCountry "USA"]
[SourceTitle "CB15_2025"]
[SourceDate "2025.04.09"]
[SourceVersion "1"]
[SourceVersionDate "2025.04.09"]
[SourceQuality "1"]

1. d4 Nf6 2. c4 e6 3. Nc3 Bb4 4. e3 0-0 5. Bd3 d5 6. a3 dxc4 7. Bxc4 Be7 8. Nf3 c5 9. 0-0 Nc6 10. dxc5 Qxd1 11. Rxd1 Bxc5 12. b4 Be7 13. Bb2 Bd7 14. Nb5 Rfd8 15. Nd6 Rab8 16. Ne5 Nxe5 17. Bxe5 Ba4 18. Rd4 Nd7 19. Bg3 Bf6 20. Rad1 Bxd1 21. Rxd1 Be5 22. f4 Bxd6 23. Rxd6 Nb6 24. Rxd8+ Rxd8 25. Bb5 a6 26. Be2 Rd2 27. Kf1 Ra2 28. Bf3 Nd5 29. e4 Ne3+ 30. Ke1 Nxg2+ 31. Kd1 Ne3+ 32. Kc1 Nf1 33. e5 b6 34. Bb7 Nxg3 35. hxg3 Rxa3 36. Kb2 Rxg3 0-1

[Event "Titled Tuesday intern op 01st Apr Early"]
[Site "Chess.com INT"]
[Date "2025.04.01"]
[Round "1"]
[White "Triapishko, Alexandr"]
[Black "Luukkonen, Tommi"]
[Result "0-1"]
[WhiteElo "2474"]
[BlackElo "2247"]
[PlyCount "80"]
[EventDate "2025.04.01"]
[EventType "swiss (blitz)"]
[EventRounds "11"]
[EventCountry "USA"]
[SourceTitle "CB15_2025"]
[SourceDate "2025.04.09"]
[SourceVersion "1"]
[SourceVersionDate "2025.04.09"]
[SourceQuality "1"]

1. e4 c5 2. Nf3 d6 3. Nc3 a6 4. g3 b5 5. Bg2 Bb7 6. d3 Nf6 7. 0-0 b4 8. Ne2 Nbd7 9. Ng5 Qc7 10. f4 h6 11. Nh3 e6 12. f5 Ne5 13. Nef4 Qe7 14. b3 exf5 15. exf5 Bxg2 16. Nxg2 Qb7 17. Bb2 Be7 18. Ngf4 0-0-0 19. Qe2 Rhe8 20. Qg2 Qxg2+ 21. Kxg2 Bf8 22. Nf2 Neg4 23. Nxg4 Nxg4 24. Kg1 Ne3 25. Rf2 Nxf5 26. Nh5 g6 27. Nf6 Re6 28. g4 Ne3 29. h3 Bg7 30. Re1 Nxg4 31. Rxe6 Nxf2 32. Re7 Nxh3+ 33. Kh2 Ng5 34. Kg3 h5 35. Kh4 Nh7 36. Rxf7 Bxf6+ 37. Bxf6 Rf8 38. Rxf8+ Nxf8 39. Be7 Ne6 40. Bxd6 Kd7 0-1

[Event "Titled Tuesday intern op 25th Mar Early"]
[Site "Chess.com INT"]
[Date "2025.03.25"]
[Round "4"]
[White "Palomo, Franklin Annervys"]
[Black "Luukkonen, Tommi"]
[Result "1-0"]
[WhiteElo "2234"]
[BlackElo "2247"]
[PlyCount "101"]
[EventDate "2025.03.25"]
[EventType "swiss (blitz)"]
[EventRounds "11"]
[EventCountry "USA"]
[SourceTitle "CB14_2025"]
[SourceDate "2024.11.01"]
[SourceVersion "1"]
[SourceVersionDate "2024.11.01"]
[SourceQuality "1"]

1. Nf3 Nf6 2. c4 g6 3. g3 Bg7 4. Bg2 0-0 5. 0-0 d6 6. d4 Nbd7 7. Nc3 e5 8. e4 c6 9. h3 Qb6 10. Re1 exd4 11. Nxd4 Re8 12. Nc2 Nc5 13. Rb1 Be6 14. b3 Rad8 15. Be3 Qc7 16. Qd2 a5 17. Rbd1 a4 18. Nd4 Bc8 19. Bf4 axb3 20. axb3 Qb6 21. Na4 Nxa4 22. bxa4 Nh5 23. Be3 Qa6 24. Qc2 Be5 25. Kh2 Qa5 26. f4 Bg7 27. Bf3 Nf6 28. Bf2 Qc7 29. Kg2 h5 30. Qd2 Nd7 31. g4 hxg4 32. hxg4 Nc5 33. g5 Nxa4 34. Rh1 Nc5 35. Rde1 Qe7 36. Nc2 Be6 37. Ne3 f6 38. gxf6 Qxf6 39. Ng4 Bxg4 40. Bxg4 Ne6 41. f5 Ng5 42. Bh4 Bh6 43. Qd3 Re7 44. Re2 Rde8 45. Rf1 Rg7 46. Kh1 Rh7 47. Kg1 Nf3+ 48. Qxf3 Qxh4 49. fxg6 Rg7 50. Bf5 Qg5+ 51. Kh1 1-0

[Event "Titled Tuesday intern op 18th Mar Late"]
[Site "Chess.com INT"]
[Date "2025.03.18"]
[Round "11"]
[White "Yelisieiev, Yevhenii"]
[Black "Luukkonen, Tommi"]
[Result "0-1"]
[WhiteElo "2421"]
[BlackElo "2247"]
[PlyCount "100"]
[EventDate "2025.03.18"]
[EventType "swiss (blitz)"]
[EventRounds "11"]
[EventCountry "USA"]
[SourceTitle "CB13_2025"]
[SourceDate "2025.03.26"]
[SourceVersion "1"]
[SourceVersionDate "2025.03.26"]
[SourceQuality "1"]

1. d4 Nf6 2. Nf3 g6 3. g3 Bg7 4. Bg2 d6 5. 0-0 0-0 6. b3 Nbd7 7. Bb2 Re8 8. c4 c6 9. a4 a5 10. Re1 Qc7 11. e4 e5 12. Nc3 exd4 13. Nxd4 Nc5 14. Qc2 h5 15. h3 Nfd7 16. Rad1 Na6 17. f4 Qb6 18. Na2 Ndc5 19. Kh2 Nb4 20. Nxb4 axb4 21. f5 Qc7 22. fxg6 fxg6 23. Nf3 Bxb2 24. Qxb2 Nxe4 25. Nh4 Bf5 26. Bxe4 Bxe4 27. Qf6 Qe7 28. Qxe7 Rxe7 29. Rxd6 Rae8 30. Nxg6 Bxg6 31. Rxg6+ Kf7 32. Rxe7+ Rxe7 33. Rh6 Re2+ 34. Kg1 Re3 35. Rh7+ Kf6 36. Rxb7 Rxg3+ 37. Kh2 Rxb3 38. Rb6 Ke5 39. Rxc6 Kd4 40. Rb6 Kxc4 41. a5 Ra3 42. a6 b3 43. Kg3 Kc3 44. Kh4 b2 45. Kxh5 Ra5+ 46. Kg4 Ra4+ 47. Kg3 Rxa6 48. Rxa6 b1Q 49. Ra3+ Kd4 50. Rf3 Qg6+ 0-1

[Event "Titled Tuesday intern op 25th Feb Early"]
[Site "Chess.com INT"]
[Date "2025.02.25"]
[Round "11"]
[White "Luukkonen, Tommi"]
[Black "Osinovsky, Stepan"]
[Result "1-0"]
[WhiteElo "2269"]
[BlackElo "2235"]
[PlyCount "59"]
[EventDate "2025.02.25"]
[EventType "swiss (blitz)"]
[EventRounds "11"]
[EventCountry "USA"]
[SourceTitle "CB10_2025"]
[SourceDate "2025.03.05"]
[SourceVersion "1"]
[SourceVersionDate "2025.03.05"]
[SourceQuality "1"]

1. e4 Nf6 2. e5 Nd5 3. d4 d6 4. c4 Nb6 5. f4 g6 6. Nc3 Bg7 7. Be3 0-0 8. h4 c5 9. d5 dxe5 10. fxe5 Bxe5 11. Nf3 Bg3+ 12. Bf2 Bxf2+ 13. Kxf2 Bg4 14. Qd2 N8d7 15. Qh6 Nf6 16. Ng5 Qd6 17. Nce4 Qf4+ 18. Kg1 Nbd7 19. Re1 Rfe8 20. Nxf7 Kxf7 21. Qxf4 Bf5 22. Ng5+ Kg8 23. h5 e5 24. dxe6 Nf8 25. hxg6 Bxg6 26. Qxf6 Rad8 27. Qf7+ Kh8 28. Qf6+ Kg8 29. Nf7 Re7 30. Qh8# 1-0

[Event "Titled Tuesday intern op 25th Feb Early"]
[Site "Chess.com INT"]
[Date "2025.02.25"]
[Round "7"]
[White "Luukkonen, Tommi"]
[Black "Yelisieiev, Yevhenii"]
[Result "1-0"]
[WhiteElo "2269"]
[BlackElo "2421"]
[PlyCount "99"]
[EventDate "2025.02.25"]
[EventType "swiss (blitz)"]
[EventRounds "11"]
[EventCountry "USA"]
[SourceTitle "CB10_2025"]
[SourceDate "2025.03.05"]
[SourceVersion "1"]
[SourceVersionDate "2025.03.05"]
[SourceQuality "1"]

1. e4 d6 2. d4 Nf6 3. Nc3 e5 4. Nge2 c6 5. h3 b5 6. a3 Be7 7. g4 Bb7 8. Bg2 a5 9. 0-0 b4 10. axb4 axb4 11. Rxa8 Bxa8 12. Na4 exd4 13. Nxd4 g6 14. Bh6 c5 15. Nb5 Bc6 16. Qd3 Qd7 17. c4 Bxb5 18. cxb5 Qa7 19. b3 Nfd7 20. Bg7 Rg8 21. Bb2 Ne5 22. Qe2 c4 23. b6 Qa6 24. Bxe5 dxe5 25. Qxc4 Qxc4 26. bxc4 Kd7 27. f4 f6 28. fxe5 fxe5 29. Rf7 Rc8 30. c5 Ke6 31. b7 Rc7 32. Rxh7 Rxb7 33. Bf1 Kf6 34. Kg2 b3 35. h4 Rb4 36. Nb2 Bxc5 37. Bc4 Rxc4 38. Nxc4 Na6 39. g5+ Ke6 40. Rg7 Nb4 41. Rxg6+ Ke7 42. h5 Nc2 43. h6 Ne3+ 44. Nxe3 Bxe3 45. Rg7+ Kd6 46. Rb7 Bxg5 47. h7 Bf6 48. Rxb3 Ke7 49. Rg3 Kf7 50. Rg8 1-0

[Event "Titled Tuesday intern op 25th Feb Early"]
[Site "Chess.com INT"]
[Date "2025.02.25"]
[Round "1"]
[White "Nouri, Alekhine"]
[Black "Luukkonen, Tommi"]
[Result "1-0"]
[WhiteElo "2198"]
[BlackElo "2269"]
[PlyCount "87"]
[EventDate "2025.02.25"]
[EventType "swiss (blitz)"]
[EventRounds "11"]
[EventCountry "USA"]
[SourceTitle "CB10_2025"]
[SourceDate "2025.03.05"]
[SourceVersion "1"]
[SourceVersionDate "2025.03.05"]
[SourceQuality "1"]

1. e4 g6 2. d4 Bg7 3. Nc3 d6 4. Be3 a6 5. f3 b5 6. Qd2 Nd7 7. 0-0-0 Bb7 8. h4 h5 9. Nh3 Ngf6 10. Ng5 b4 11. Na4 Bc6 12. Qxb4 Rb8 13. Qa3 0-0 14. Nc3 Bb5 15. Nxb5 axb5 16. Qb3 c6 17. g4 hxg4 18. e5 Nd5 19. e6 fxe6 20. Nxe6 Qa5 21. Bd2 b4 22. Nxf8 Rxf8 23. fxg4 Bxd4 24. Bc4 Nc5 25. Qxb4 Qa7 26. Kb1 Bxb2 27. Qxb2 Rb8 28. Bb3 Na4 29. Qa1 Qc5 30. h5 g5 31. h6 e5 32. h7+ Kh8 33. Rh3 Qf2 34. Rd3 Qe2 35. Kc1 Nc5 36. Rxd5 cxd5 37. Qc3 d4 38. Qc4 Nxb3+ 39. axb3 Qxc4 40. bxc4 Kxh7 41. Bxg5 Rg8 42. Be7 Rxg4 43. Bxd6 Re4 44. c5 1-0

[Event "Titled Tuesday intern op 11th Feb Early"]
[Site "Chess.com INT"]
[Date "2025.02.11"]
[Round "8"]
[White "Luukkonen, Tommi"]
[Black "Leiva Rodriguez, Jeammarco Giuseppe"]
[Result "1-0"]
[WhiteElo "2269"]
[BlackElo "2387"]
[PlyCount "63"]
[EventDate "2025.02.11"]
[EventType "swiss (blitz)"]
[EventRounds "11"]
[EventCountry "USA"]
[SourceTitle "CB08_2025"]
[SourceDate "2025.02.19"]
[SourceVersion "1"]
[SourceVersionDate "2025.02.19"]
[SourceQuality "1"]

1. d4 Nf6 2. c4 e6 3. Nf3 d5 4. g3 Be7 5. Bg2 0-0 6. 0-0 c6 7. Qc2 Nbd7 8. Nbd2 b6 9. b3 Bb7 10. Bb2 c5 11. cxd5 Nxd5 12. e4 Nb4 13. Qb1 cxd4 14. a3 Nc6 15. Nxd4 Nxd4 16. Bxd4 Nc5 17. Qb2 e5 18. Bc3 Rc8 19. Rfd1 Nd3 20. Qc2 Bc5 21. Nc4 Nxf2 22. Rxd8 Rfxd8 23. Kf1 Ng4 24. Qe2 b5 25. Qxg4 bxc4 26. Bxe5 f6 27. Bxf6 Bf8 28. bxc4 Re8 29. e5 Ba6 30. Bd5+ Kh8 31. Kg2 gxf6 32. Qg8# 1-0

[Event "Titled Tuesday intern op 28th Jan Early"]
[Site "Chess.com INT"]
[Date "2025.01.28"]
[Round "3"]
[White "Luukkonen, Tommi"]
[Black "Mangialardo, Tiago Carvalho"]
[Result "1-0"]
[WhiteElo "2311"]
[BlackElo "1979"]
[PlyCount "41"]
[EventDate "2025.01.28"]
[EventType "swiss (blitz)"]
[EventRounds "11"]
[EventCountry "USA"]
[SourceTitle "CB06_2025"]
[SourceDate "2025.02.05"]
[SourceVersion "1"]
[SourceVersionDate "2025.02.05"]
[SourceQuality "1"]

1. d4 d6 2. e4 Nf6 3. Nc3 g6 4. Be2 Bg7 5. h4 h5 6. Nh3 Bxh3 7. Rxh3 Nbd7 8. Bg5 c5 9. d5 a6 10. a4 Qb6 11. Qd2 Qb4 12. f3 Ne5 13. a5 Nc4 14. Bxc4 Qxc4 15. Ra4 Nxe4 16. fxe4 Bxc3 17. Qxc3 Qxc3+ 18. Rxc3 f6 19. Bf4 Kd7 20. b4 Rhc8 21. bxc5 1-0

[Event "Titled Tuesday intern op 28th Jan Early"]
[Site "Chess.com INT"]
[Date "2025.01.28"]
[Round "8"]
[White "Luukkonen, Tommi"]
[Black "Scheffner, Axel"]
[Result "1-0"]
[WhiteElo "2311"]
[BlackElo "2236"]
[PlyCount "73"]
[EventDate "2025.01.28"]
[EventType "swiss (blitz)"]
[EventRounds "11"]
[EventCountry "USA"]
[SourceTitle "CB06_2025"]
[SourceDate "2025.02.05"]
[SourceVersion "1"]
[SourceVersionDate "2025.02.05"]
[SourceQuality "1"]

1. d4 c6 2. c4 d5 3. Nf3 Nf6 4. e3 a6 5. Nc3 Bg4 6. h3 Bxf3 7. Qxf3 e6 8. Bd3 b5 9. b3 Bb4 10. Bd2 Nbd7 11. 0-0 0-0 12. a3 Ba5 13. Qg3 Bc7 14. f4 c5 15. cxb5 cxd4 16. exd4 Bb6 17. Be3 Rc8 18. Rac1 axb5 19. Nxb5 Rxc1 20. Rxc1 Ne4 21. Qe1 f5 22. a4 Ndf6 23. b4 Nd6 24. Nxd6 Qxd6 25. a5 Bc7 26. b5 Qa3 27. Rxc7 Qxd3 28. b6 Ne8 29. Rc3 Qa6 30. Rc5 Nd6 31. Qb1 Nb7 32. Rc7 Rb8 33. Qb4 Re8 34. Rxb7 Qxb7 35. Qb5 Ra8 36. a6 Rxa6 37. Qe8# 1-0

[Event "Keres Memorial rap 34th"]
[Site "Tallinn"]
[Date "2025.01.19"]
[Round "9"]
[White "Luukkonen, Tommi"]
[Black "Ehlvest, Jaan"]
[Result "0-1"]
[WhiteElo "2311"]
[BlackElo "2531"]
[PlyCount "44"]
[EventDate "2025.01.18"]
[EventType "swiss (rapid)"]
[EventRounds "11"]
[EventCountry "EST"]
[SourceTitle "CB05_2025"]
[SourceDate "2025.01.29"]
[SourceVersion "1"]
[SourceVersionDate "2025.01.29"]
[SourceQuality "1"]

1. e4 e5 2. Nc3 Nf6 3. Bc4 Nc6 4. d3 Na5 5. Qf3 d6 6. Nge2 Be7 7. h3 c6 8. a4 Nxc4 9. dxc4 Be6 10. b3 d5 11. exd5 cxd5 12. cxd5 Nxd5 13. 0-0 Qa5 14. Bb2 0-0 15. Rfd1 Rad8 16. Nxd5 Bxd5 17. Qg3 f6 18. c4 Bc6 19. f4 Rd2 20. Bc3 Qb6+ 21. Kf1 Rxd1+ 22. Rxd1 Qxb3 0-1

[Event "Titled Tuesday intern op 14th Jan Early"]
[Site "Chess.com INT"]
[Date "2025.01.14"]
[Round "7"]
[White "Aadya, Gupta"]
[Black "Luukkonen, Tommi"]
[Result "0-1"]
[WhiteElo "1968"]
[BlackElo "2311"]
[PlyCount "78"]
[EventDate "2025.01.14"]
[EventType "swiss (blitz)"]
[EventRounds "11"]
[EventCountry "USA"]
[SourceTitle "CB04_2025"]
[SourceDate "2025.01.22"]
[SourceVersion "1"]
[SourceVersionDate "2025.01.22"]
[SourceQuality "1"]

1. d4 Nf6 2. c4 g6 3. Nc3 Bg7 4. e4 d6 5. f3 0-0 6. Be3 c5 7. Qd2 Nc6 8. d5 Ne5 9. Nge2 Nxc4 10. Qc1 Nxe3 11. Qxe3 e6 12. Qd2 exd5 13. exd5 Re8 14. 0-0-0 a6 15. g4 b5 16. h4 h5 17. g5 Nd7 18. Ne4 Ne5 19. N2c3 Nxf3 20. Qf4 Bg4 21. Nxd6 Re7 22. Nde4 Be5 23. Qe3 b4 24. Na4 Bd4 25. Qf4 Be5 26. Qe3 Nd4 27. d6 Re6 28. Naxc5 Rc8 29. Rxd4 Bxd4 30. Qxd4 Rxe4 31. Qxe4 Rxc5+ 32. Bc4 Be6 33. b3 Qxd6 34. Rd1 Qc7 35. Kb1 Bxc4 36. bxc4 Rxc4 37. Qe8+ Kg7 38. Rf1 Rf4 39. Rc1 Qd6 0-1

[Event "Titled Tuesday intern op 14th Jan Early"]
[Site "Chess.com INT"]
[Date "2025.01.14"]
[Round "3"]
[White "Luukkonen, Tommi"]
[Black "Suder, Jakub"]
[Result "0-1"]
[WhiteElo "2311"]
[BlackElo "2343"]
[PlyCount "72"]
[EventDate "2025.01.14"]
[EventType "swiss (blitz)"]
[EventRounds "11"]
[EventCountry "USA"]
[SourceTitle "CB04_2025"]
[SourceDate "2025.01.22"]
[SourceVersion "1"]
[SourceVersionDate "2025.01.22"]
[SourceQuality "1"]

1. e4 c5 2. Nf3 e6 3. d4 cxd4 4. Nxd4 Nc6 5. Nc3 Nf6 6. a3 Bc5 7. Nb3 Be7 8. Be3 d6 9. f4 a6 10. Qf3 Qc7 11. 0-0-0 Nd7 12. g4 Bf6 13. Nd4 Nxd4 14. Bxd4 b5 15. g5 Bxd4 16. Rxd4 Bb7 17. Bg2 Nb6 18. Rhd1 Rd8 19. Qe2 0-0 20. h4 Qc5 21. h5 Nc4 22. Nb1 Rc8 23. R1d3 Bc6 24. Bh3 Rc7 25. g6 e5 26. gxh7+ Kh8 27. fxe5 Nxe5 28. Rd2 Bd7 29. Bxd7 Rxd7 30. Nc3 Rc8 31. Rd5 Qg1+ 32. Rd1 Qg5+ 33. Kb1 Qf6 34. R5d2 Nc4 35. Rd3 Rdc7 36. Nd5 Qxb2# 0-1